Determinación e indices de infiltración para la Cuenca del Río Virilla arriba de la Presa de Electriona e hidrógrafos unitarios

Сохранить в:
Библиографические подробности
Главный автор: Ulloa Lizano, Guillermo
Формат: Неизвестно
Опубликовано: [San José, Costa Rica] 1953
Предметы:
Метки: Добавить метку
Нет меток, Требуется 1-ая метка записи!

MARC

LEADER 00000 a2200000 4500
003 010995
005 20221231143801.0
008 140114s1953 c a m 000 ||s d
040 |c cru CEDI 
090 |a TFG 057 
100 |a Ulloa Lizano, Guillermo  |9 17093 
245 |a Determinación e indices de infiltración para la Cuenca del Río Virilla arriba de la Presa de Electriona e hidrógrafos unitarios 
260 |c 1953  |a [San José, Costa Rica] 
300 |a  [48] hojas : cuadros (plegables), 15 gráficos (plegables) ; 34 cm  
500 |a  Tesis (Ingeniero Civil) Universidad de Costa Rica.  
501 |a  Ed. mecanografiada.  
650 |x INGENIERÍA HIDRÁULICA  |9 17094 
942 |c TFG 
999 |c 11931  |d 11931